000 00779nam a2200205 i 4500
001 36360
003 ES-MaACL
007 t|
008 030218s1985 sp ||||1| spa d
020 _a84-7615-034-2
100 1 _aBuffington, Charlie.
_932436
245 1 0 _aSu primera computadora personal
_b: cómo comprarla y utilizarla /
_cCharlie Buffington ; traducción, Gonzalo Olivares Ruiz, María Jesús Vicente Pérez ; revisión técnica, Antonio Vaquero Sánchez.
260 _aMadrid ; Bogota :
_bMcGraw-Hill,
_c[1985]
300 _aXI, 365 p. :
_bil. ;
_c21 cm.
500 _aIndice.
700 1 _aOlivares Ruiz, Gonzalo.
_986775
700 1 _aVicente Pérez, María Jesús.
_9114368
700 1 _aVaquero Sánchez, Antonio.
_9113103
852 _aES-MaACL
_jG-1580
_bR.114007
999 _c36360
_d36360